书目信息 |
| 题名: |
国家教师资格考试
|
|
| 作者: | 粉笔教师 , 粉笔教师 编著 | |
| 分册: | 上 教育教学知识与能力极致真题 | |
| 出版信息: | 北京 电子工业出版社 2021 |
|
| 页数: | 137页 | |
| 开本: | 26cm | |
| 丛书名: | ||
| 单 册: | ||
| 中图分类: | G451.1 , G625.1-44 | |
| 科图分类: | ||
| 主题词: | 教师--资格考试--自学参考资料 , 小学教师--教学能力--资格考试--题解 | |
| 电子资源: | ||
| ISBN: | 978-7-121-41147-2 | |
| 000 | 00910nam0 2200277 45 | |
| 001 | 012001003181 | |
| 005 | 20221208091808.16 | |
| 010 | @a978-7-121-41147-2@dCNY19.00 | |
| 100 | @a20220905d2021 em y0chiy50 ea | |
| 101 | 0 | @achi |
| 102 | @aCN@b110000 | |
| 105 | @aa q 000yy | |
| 106 | @ar | |
| 200 | 1 | @a国家教师资格考试@Aguo jia jiao shi zi ge kao shi@i教育教学知识与能力极致真题@i小学@h上@f粉笔教师编著 |
| 210 | @a北京@c电子工业出版社@d2021 | |
| 215 | @a137页@c图@d26cm | |
| 300 | @a粉笔教育 | |
| 330 | @a本书收录了2015-2021年教师资格考试《教育教学知识与能力》(小学)12套真题及解析。 | |
| 606 | 0 | @a教师@x资格考试@j自学参考资料 |
| 606 | 0 | @a小学教师@x教学能力@x资格考试@j题解 |
| 690 | @aG451.1@v5 | |
| 690 | @aG625.1-44@v5 | |
| 701 | 0 | @a粉笔教师@Afen bi jiao shi@4编著 |
| 701 | 0 | @a粉笔教师@Afen bi jiao shi@4编著 |
| 801 | 0 | @aCN@bAHXH@c20221111 |
| 905 | @b1375790-4@dG451.1@e561:1@f5 | |
| 国家教师资格考试.教育教学知识与能力极致真题.小学.上/粉笔教师编著.-北京:电子工业出版社,2021 |
| 137页:图;26cm |
| 粉笔教育 |
| ISBN 978-7-121-41147-2:CNY19.00 |
| 本书收录了2015-2021年教师资格考试《教育教学知识与能力》(小学)12套真题及解析。 |
| ● |
| 相关链接 |
|
|
|
|
正题名:国家教师资格考试
索取号:G451.1/561:1
 
预约/预借
| 序号 | 登录号 | 条形码 | 馆藏地/架位号 | 状态 | 备注 |
| 1 | 1375790 | 213757905 | 第一样本阅览室/ [索取号:G451.1/561:1] | 在馆 | |
| 2 | 1375791 | 213757914 | 教育系资料室/ [索取号:G451.1/561:1] |
已借出,限还日期为2024.06.18 借出人:何子怡 |
|
| 3 | 1375792 | 213757923 | 教育系资料室/ [索取号:G451.1/561:1] | 在馆 | |
| 4 | 1375793 | 213757932 | 第四借阅区/ [索取号:G451.1/561:1] | 在馆 | |
| 5 | 1375794 | 213757941 | 第四借阅区/ [索取号:G451.1/561:1] | 在馆 |